| 000 | 01028nam a2200205 a 4500 | ||
|---|---|---|---|
| 001 | 000027286 | ||
| 005 | 20240925085245.0 | ||
| 008 | 110331s1913 dr a 000 0 spa d | ||
| 040 |
_aDO-SdBNP _bspa _cBNPHU |
||
| 082 |
_a972.9302 _bM938b |
||
| 100 | 1 |
_aMoya, Casimiro Nemesio de, _d1849-1913 _9254 |
|
| 245 | 1 | 0 |
_aBosquejo histórico del descubrimiento y conquista de la isla de Santo Domingo y Narración de los principales sucesos ocurridos en la parte española de ella desde la sumisión de su último cacique hasta nuestros días / _cCasimiro N. de Moya. |
| 260 |
_aSanto Domingo : _bImpresora La Cuna de América, _c1913. |
||
| 300 |
_av. : _bil. ; _c22 cm. |
||
| 504 | _aIncluye referencias bibliográficas y notas al pie de las páginas. | ||
| 505 | 0 |
_gv. 1 _tÉpoca de la conquista y gobierno de los españoles hasta la sumisión de los últimos indios. |
|
| 651 | 0 |
_aRepública Dominicana -- _xHistoria -- _yDescubrimiento y conquista, 1492-1503 _9255 |
|
| 910 | _aValidado. Control de calidad BNPHU | ||
| 049 | _aBNPD | ||
| 999 |
_c26778 _d26778 |
||